[Event "EU-Cup 32nd"]
[Site "Novi Sad"]
[Date "2016.11.11"]
[Round "6.6"]
[White "Norgaard, Poul Erik"]
[Black "Buyukasik, Betul"]
[Result "0-1"]
[WhiteElo "1839"]
[BlackElo "1524"]
[PlyCount "96"]
[EventDate "2016.11.06"]
[EventType "team-swiss"]
[EventRounds "7"]
[EventCountry "SRB"]
[SourceTitle "CBM 176"]
[Source "ChessBase"]
[SourceDate "2017.01.17"]
[SourceVersion "1"]
[SourceVersionDate "2017.01.17"]
[SourceQuality "1"]
[WhiteTeam "Skanderborg Nordea"]
[BlackTeam "Hatay Metropolitan"]
[WhiteTeamCountry "DEN"]
[BlackTeamCountry "TUR"]

1. e4 c5 2. c3 d5 3. exd5 Qxd5 4. d4 Nc6 5. dxc5 Qxc5 6. Be3 Qa5 7. Nf3 Nf6 8. Be2 Bg4 9. h3 Bh5 10. Qb3 Qc7 11. Nbd2 Rd8 12. Bb5 Nd7 13. 0-0 a6 14. Be2 e6 15. Rfe1 h6 16. Ne4 Bg6 17. Ned2 b5 18. a3 Nc5 19. Bxc5 Bxc5 20. Rad1 0-0 21. Nf1 Qb6 22. Ne3 Bxe3 23. fxe3 Qxe3+ 24. Kf1 Qf4 25. c4 Na5 26. Qc3 Nxc4 27. Bxc4 Qxc4+ 28. Qxc4 bxc4 29. Ne5 Bc2 30. Rc1 Bb3 31. Kf2 Rd5 32. Nxc4 Bxc4 33. Rxc4 Rd2+ 34. Re2 Rfd8 35. Rc2 Rxc2 36. Rxc2 Kf8 37. Ke3 Rd6 38. b4 Rb6 39. Kd4 Rd6+ 40. Kc5 Ke7 41. Kc4 Rc6+ 42. Kb3 Rxc2 43. Kxc2 Kd6 44. Kd3 Kd5 45. a4 e5 46. Ke3 f5 47. g3 Kc4 48. b5 axb5 0-1

[Event "TUR-chT"]
[Site "Konya"]
[Date "2010.07.05"]
[Round "8"]
[White "Morgul, Elcin"]
[Black "Buyukasik, Betul"]
[Result "1/2-1/2"]
[WhiteElo "1718"]
[BlackElo "1670"]
[PlyCount "75"]
[EventDate "2010.06.29"]
[EventType "team-tourn"]
[EventRounds "13"]
[EventCountry "TUR"]
[SourceTitle "CBM 137 Extra"]
[Source "ChessBase"]
[SourceDate "2010.09.01"]
[SourceVersion "1"]
[SourceVersionDate "2010.09.01"]
[SourceQuality "1"]

1. e4 c5 2. Nf3 d6 3. Bb5+ Nc6 4. Bxc6+ bxc6 5. 0-0 Bg4 6. h3 Bh5 7. c3 Nf6 8. Qe2 e5 9. Re1 Be7 10. d3 Qc7 11. Nbd2 0-0 12. b3 Rfe8 13. Bb2 Bf8 14. Nf1 Rad8 15. Ng3 Bg6 16. Nh4 d5 17. Nxg6 hxg6 18. Rad1 d4 19. c4 Qa5 20. Bc1 Rb8 21. f4 Bd6 22. f5 gxf5 23. Nxf5 Qc7 24. Qf2 Bf8 25. Qg3 Kh8 26. Qh4+ Nh7 27. Rf1 Re6 28. Rf3 Rg6 29. Rdf1 f6 30. Rg3 Rxg3 31. Qxg3 Qf7 32. Rf3 Rd8 33. Qg4 Rd7 34. h4 Rc7 35. h5 Rd7 36. Rh3 Rc7 37. Qg6 Qe6 38. h6 1/2-1/2